| 000 | 01908nam a2200553 i 4500 | ||
|---|---|---|---|
| 001 | 45510 | ||
| 003 | KOSZ 005 | ||
| 005 | 20200810121838.0 | ||
| 008 | 200810s2005 pl a f f 001 0 pol | ||
| 015 | _aUWD 2006/13627 | ||
| 020 | _a8373616667 | ||
| 035 | _a991025786959705066 | ||
| 035 | _a(PL-WaBN)b17021509-48omnis_nlop | ||
| 035 | _ab17021509 | ||
| 035 | _a(OCoLC)749847488 | ||
| 035 | _a(PL)b0000001702150 | ||
| 035 | _a(EXLNZ-48OMNIS_NETWORK)9910360470605606 | ||
| 040 |
_aWA N _cWA N _dKOSZ 005/RW |
||
| 041 | 1 |
_apol _heng |
|
| 046 | _k2003 | ||
| 080 | _a004.056 | ||
| 080 | _a(07) | ||
| 100 | 1 |
_aLukatsky, Alex _eAutor |
|
| 245 | 1 | 0 |
_aWykrywanie włamań i aktywna ochrona danych / _cAlex Lukatsky ; [tłumaczenie Przemysław Szeremiota]. |
| 246 | 1 |
_iTytuł oryginału: _aProtect your information with intrusion detection |
|
| 260 |
_aGliwice : _bWydawnictwo Helion, _ccopyright 2005. |
||
| 300 |
_a511 stron : _bilustracje ; _c24 cm. |
||
| 336 |
_aTekst _btxt _2rdacontent |
||
| 337 |
_aBez urządzenia pośredniczącego _bn _2rdamedia |
||
| 338 |
_aWolumin _bnc _2rdacarrier |
||
| 380 | _aKsiążki | ||
| 380 | _aPublikacje fachowe | ||
| 380 | _aPublikacje dydaktyczne | ||
| 388 | 1 | _a2001- | |
| 490 | 1 | _aNu Pogodi! : elita rosyjskich hakerów prezentuje | |
| 504 | _aBibliografia na stronach [487]-496. Indeks. | ||
| 650 | 7 |
_aCyberprzestępczość _2DBN |
|
| 650 | 7 | _aZapobieganie | |
| 650 | 7 |
_aSystemy informatyczne _2DBN |
|
| 650 | 7 | _aOchrona | |
| 655 | 7 |
_aPodręcznik _2DBN |
|
| 658 | _aInformatyka i technologie informacyjne | ||
| 700 | 1 |
_aSzeremiota, Przemysław _eTłumaczenie |
|
| 710 | 2 |
_aHelion _4pbl |
|
| 830 | 0 | _aNu Pogodi! | |
| 856 |
_uhttp://koha.tu.koszalin.pl/cgi-bin/koha/opac-detail.pl?biblionumber=45510 _yKatalog online BPK |
||
| 942 |
_2UKD _cKS |
||
| 999 |
_c45510 _d45510 |
||